[Event "PRO League Eastern 2017"]
[Site "chess.com INT"]
[Date "2017.01.18"]
[Round "2"]
[White "Salomon, Johan"]
[Black "De Abreu, Roberto N"]
[Result "1/2-1/2"]
[WhiteTitle "IM"]
[BlackTitle "FM"]
[WhiteElo "2470"]
[BlackElo "2110"]
[WhiteTeam "Norway Gnomes"]
[BlackTeam "Johannesburg Koeksisters"]
[WhiteFideId "1509500"]
[BlackFideId "14307472"]
[EventDate "2017.01.11"]

1. d4 Nf6 2. Bf4 c5 3. e3 e6 4. c3 d5 5. Nd2 Nc6 6. Ngf3 Nh5 7. Bg5 f6 8. Bh4
cxd4 9. Nxd4 Nxd4 10. cxd4 g6 11. Bd3 Bd6 12. O-O O-O 13. Rc1 Bd7 14. Nb3 Ba4
15. Qg4 Bxb3 16. Qxe6+ Kh8 17. axb3 Ng7 18. Qh3 Qb6 19. Bg3 f5 20. Bxd6 Qxd6 21.
Qf3 Ne6 22. Rc3 Rae8 23. Ra1 a6 24. Ra5 b5 25. Rc1 f4 26. Qg4 fxe3 27. fxe3 Qb4
28. Rxa6 Qd2 29. Rd1 Qxe3+ 30. Kh1 Qxd3 31. h4 Rf1+ 32. Rxf1 Qxf1+ 33. Kh2 Qf4+
34. Qxf4 Nxf4 35. Rb6 Ne2 36. Rxb5 Nxd4 37. Rxd5 Nxb3 38. Kh3 Re2 39. g4 h6 40.
Rb5 Re3+ 41. Kg2 Kg7 42. Rb7+ Kf6 43. Rb6+ Ke5 44. Rxg6 Kf4 45. Rxh6 Kxg4 46.
Kf2 Rd3 47. Ke2 Rd2+ 48. Ke3 Rxb2 49. Rb6 Rh2 50. Rb4+ Kh5 51. Rb5+ Kxh4 52.
Rb4+ Kg5 53. Rb5+ Kf6 54. Rb6+ Ke5 55. Rb5+ Kd6 56. Kd3 Rh3+ 57. Ke4 Nd2+ 58.
Kf4 Rf3+ 59. Kg4 Rf8 60. Rf5 Re8 61. Ra5 Nc4 62. Rh5 Rf8 63. Rb5 Ne5+ 64. Kg3
Ke6 65. Rb4 Rf3+ 66. Kg2 Kf5 67. Ra4 Rc3 68. Kf2 Nc4 69. Ra8 Ke4 70. Re8+ Ne5
71. Ke2 Rc2+ 72. Kd1 Rh2 73. Rd8 Nf3 74. Re8+ Kd3 75. Rd8+ Nd4 76. Ke1 Re2+ 77.
Kf1 Rd2 78. Ke1 Rb2 79. Kf1 Ke4 80. Re8+ Kf4 81. Rf8+ Nf5 82. Ke1 Ke3 83. Re8+
Kd3 84. Rd8+ Ke4 85. Re8+ Kf3 86. Kd1 Ne3+ 87. Kc1 Rc2+ 88. Kb1 Rd2 89. Kc1 Ke2
90. Rh8 Rd1+ 91. Kb2 Kd3 92. Rd8+ Ke2 93. Rxd1 Kxd1 1/2-1/2

[Event "PRO League Eastern 2017"]
[Site "chess.com INT"]
[Date "2017.01.18"]
[Round "2"]
[White "Salomon, Johan"]
[Black "Makoto, Rodwell"]
[Result "1-0"]
[WhiteTitle "IM"]
[BlackTitle "IM"]
[WhiteElo "2470"]
[BlackElo "2403"]
[WhiteTeam "Norway Gnomes"]
[BlackTeam "Johannesburg Koeksisters"]
[WhiteFideId "1509500"]
[BlackFideId "11000120"]
[EventDate "2017.01.11"]

1. Nf3 Nf6 2. g3 d5 3. Bg2 e6 4. O-O Be7 5. c4 O-O 6. b3 a5 7. Nc3 b6 8. Bb2 Bb7
9. d4 Nbd7 10. Qd3 c5 11. cxd5 exd5 12. Rfd1 Re8 13. e3 a4 14. bxa4 c4 15. Qc2
Bb4 16. Nb5 Ne4 17. Ne5 Ndf6 18. Rab1 Bf8 19. Bc3 Nxc3 20. Nxc3 Bd6 21. Nxc4 Bc7
22. a5 dxc4 23. axb6 Bxg2 24. bxc7 Qxc7 25. Kxg2 Ra3 26. Nb5 Qc6+ 27. Kg1 Ra5
28. Nc3 Qf3 29. Qe2 Qxe2 30. Nxe2 Rxa2 31. Nc3 Ra3 32. Rdc1 h5 33. Nb5 Ra2 34.
Nd6 Rea8 35. Nxc4 Ne4 36. Rb2 Rxb2 37. Nxb2 Ra2 38. Nd1 g5 39. Nc3 Nxc3 40. Rxc3
Rd2 41. h4 g4 42. Rc5 1-0

[Event "PRO League Eastern 2017"]
[Site "chess.com INT"]
[Date "2017.01.18"]
[Round "2"]
[White "Orosz, Andras"]
[Black "Asik, Josip"]
[Result "0-1"]
[WhiteTitle "FM"]
[BlackTitle "FM"]
[WhiteElo "2323"]
[BlackElo "2283"]
[WhiteTeam "Budapest Gambit"]
[BlackTeam "Belgrade Sparrows"]
[WhiteFideId "760498"]
[BlackFideId "916030"]
[EventDate "2017.01.11"]

1. d4 e6 2. Nf3 Nf6 3. Bg5 h6 4. Bh4 b6 5. Nbd2 Bb7 6. e3 g5 7. Bg3 Bg7 8. Bd3
d6 9. h3 Nbd7 10. Qe2 a6 11. O-O-O Qe7 12. Kb1 Nd5 13. c3 b5 14. e4 Nf4 15. Bxf4
gxf4 16. g3 fxg3 17. fxg3 Nb6 18. g4 O-O-O 19. h4 c5 20. Rhg1 cxd4 21. cxd4 Kb8
22. Nb3 Rc8 23. Na5 Ba8 24. Rc1 Qa7 25. e5 Nd5 26. Be4 dxe5 27. dxe5 Qb6 28. Nb3
Nf4 29. Qe1 Nd3 30. Bxd3 Bxf3 31. Rf1 Rxc1+ 32. Nxc1 Qb7 33. Qg3 Bg2 34. Rf2 Bd5
35. Ne2 Rd8 36. Nc3 Bc6 37. Bc2 Qc7 38. Qf4 Rd7 39. Re2 Qb6 40. Re1 Qc5 41. Ne4
Qb4 42. Rf1 Qc4 43. Bb3 Qxe4+ 44. Qxe4 Bxe4+ 45. Ka1 Bd5 0-1

[Event "PRO League Eastern 2017"]
[Site "chess.com INT"]
[Date "2017.01.18"]
[Round "2"]
[White "Orosz, Andras"]
[Black "Simonovic, Miroslav"]
[Result "0-1"]
[WhiteTitle "FM"]
[BlackTitle "CM"]
[WhiteElo "2323"]
[BlackElo "2219"]
[WhiteTeam "Budapest Gambit"]
[BlackTeam "Belgrade Sparrows"]
[WhiteFideId "760498"]
[BlackFideId "919152"]
[EventDate "2017.01.11"]

1. d4 Nf6 2. c4 c5 3. e3 cxd4 4. exd4 g6 5. Nc3 Bg7 6. Nf3 O-O 7. d5 d6 8. Bd3
e5 9. O-O b6 10. Rb1 h6 11. b4 Nbd7 12. Nd2 Ne8 13. Bb2 f5 14. f3 Qg5 15. Qe2
Ba6 16. Nb3 Rc8 17. a4 Nc7 18. Nb5 Nxb5 19. axb5 Bb7 20. Ra1 Ra8 21. f4 Qf6 22.
Ra3 a6 23. bxa6 Rxa6 24. Rxa6 Bxa6 25. fxe5 Nxe5 26. Bd4 Rb8 27. b5 Bc8 28. Ra1
f4 29. Ra7 f3 30. Qe3 Bf5 31. Bf1 Rf8 32. Bxe5 Qxe5 33. Qxe5 Bxe5 34. gxf3 Bc2
35. Nd2 Bd4+ 36. Kg2 Rf5 37. Ne4 Bxe4 38. fxe4 Rf2+ 39. Kg3 Rxf1 40. Rd7 Bc5 41.
Re7 Rf7 42. Re6 Kg7 43. Kg2 h5 44. e5 dxe5 45. Rxe5 Rd7 46. Re6 Kh6 47. Kf3 Kg5
48. Re5+ Kf6 49. Re6+ Kf5 50. Rc6 Rd6 51. Rc8 Kg5 52. Kg3 Rf6 53. h4+ Kf5 54.
Rc7 Bd6+ 55. Kg2 Bxc7 0-1

[Event "PRO League Eastern 2017"]
[Site "chess.com INT"]
[Date "2017.01.18"]
[Round "2"]
[White "Christiansen, Johan-Sebastian"]
[Black "Cawdery, Daniel"]
[Result "1-0"]
[WhiteTitle "IM"]
[BlackTitle "IM"]
[WhiteElo "2428"]
[BlackElo "2418"]
[WhiteTeam "Norway Gnomes"]
[BlackTeam "Johannesburg Koeksisters"]
[WhiteFideId "1512668"]
[BlackFideId "14300249"]
[EventDate "2017.01.11"]

1. Nf3 Nf6 2. c4 g6 3. g3 Bg7 4. Bg2 d5 5. cxd5 Nxd5 6. O-O O-O 7. d4 Nb6 8. Nc3
Nc6 9. e3 Re8 10. Nh4 Bd7 11. f4 Qc8 12. Rf2 Bg4 13. Qf1 Bf6 14. Nf3 Bxf3 15.
Bxf3 e6 16. Qg2 Qd7 17. Ne4 Be7 18. Bd2 f5 19. Nc3 Rad8 20. Rd1 Nb4 21. Bc1 c6
22. g4 N4d5 23. gxf5 exf5 24. e4 Nxc3 25. bxc3 fxe4 26. Bxe4 Bh4 27. Re2 Nd5 28.
Bd2 Kh8 29. Kh1 Nf6 30. Bf3 Rxe2 31. Bxe2 Re8 32. Bf3 Qf5 33. c4 Ne4 34. Rf1
Nxd2 35. Qxd2 Bf6 36. d5 c5 37. d6 Bd4 38. Bxb7 Qd7 39. Bd5 Qxd6 40. f5 Rf8 41.
Qd3 Qf6 42. Be4 Qe5 43. Qf3 a5 44. a4 Rf7 45. Bd3 Qe8 46. Qd5 gxf5 47. Bxf5 Qf8
48. Rf3 Qg8 49. Rg3 Qe8 50. Be6 Rf1+ 51. Kg2 Rg1+ 52. Kh3 Rxg3+ 53. hxg3 Qf8 54.
Bf5 Qh6+ 55. Kg4 Qg7+ 56. Kf3 Qe7 57. Be4 Qf6+ 58. Kg2 Qf2+ 59. Kh3 Qf1+ 60. Kg4
Qf8 61. Qh5 Qg7+ 62. Kh3 Qe7 63. Bf5 Bc3 64. Qh6 Bg7 65. Qb6 Bd4 66. Qb8+ Kg7
67. Qf4 Qf6 68. Qg4+ Kf7 69. Bd3 Qh6+ 70. Kg2 Qd2+ 71. Be2 Qh6 72. Qd7+ Kg8 73.
Qd8+ Kg7 74. Qxa5 Qe6 75. Qc7+ Kh6 76. Bd3 Qg8 77. a5 Qg7 78. Qd6+ Kg5 79. a6
Be5 80. Qd8+ Bf6 81. Qd5+ Kh6 82. Qe6 Qg5 83. a7 1-0

[Event "PRO League Eastern 2017"]
[Site "chess.com INT"]
[Date "2017.01.18"]
[Round "2"]
[White "Christiansen, Johan-Sebastian"]
[Black "Klaver, Cornelis"]
[Result "1/2-1/2"]
[WhiteTitle "IM"]
[WhiteElo "2428"]
[BlackElo "2117"]
[WhiteTeam "Norway Gnomes"]
[BlackTeam "Johannesburg Koeksisters"]
[WhiteFideId "1512668"]
[BlackFideId "14301725"]
[EventDate "2017.01.11"]

1. Nf3 Nf6 2. c4 c6 3. g3 d5 4. Bg2 e6 5. O-O Nbd7 6. d4 Bd6 7. Nfd2 O-O 8. Nc3
Re8 9. e4 dxe4 10. Ndxe4 Nxe4 11. Nxe4 Bf8 12. Bf4 Nf6 13. c5 Nxe4 14. Bxe4 g6
15. Re1 Bg7 16. Bd6 Qf6 17. Be5 Qe7 18. Bg2 Bxe5 19. Rxe5 Rd8 20. Qa4 Bd7 21.
Rae1 Be8 22. h4 Rd7 23. h5 Rad8 24. R5e4 Qf6 25. hxg6 hxg6 26. Qxa7 b5 27. Qb6
Rxd4 28. Rxd4 Rxd4 29. Bxc6 Rd2 30. Rf1 Bxc6 31. Qxc6 Qxb2 32. a3 Rc2 33. Kg2
Kg7 34. Qe8 Rxc5 35. Rh1 Rh5 36. Rxh5 gxh5 37. Qe7 Qe5 38. Kg1 Qd5 39. Kh2 Qf5
40. Kg1 Qd5 41. Kh2 Qf5 42. Kg1 Qd5 1/2-1/2

[Event "PRO League Eastern 2017"]
[Site "chess.com INT"]
[Date "2017.01.18"]
[Round "2"]
[White "Abdumalik, Zhansaya"]
[Black "Shaposhnikov, Evgeny"]
[Result "0-1"]
[WhiteTitle "WGM"]
[BlackTitle "GM"]
[WhiteElo "2430"]
[BlackElo "2557"]
[WhiteTeam "Shymkent Nomads"]
[BlackTeam "Gorky Stormbringers"]
[WhiteFideId "13703544"]
[BlackFideId "4122232"]
[EventDate "2017.01.11"]

1. e4 e6 2. d4 d5 3. Nc3 Nf6 4. e5 Nfd7 5. f4 c5 6. Nf3 a6 7. Be3 Qb6 8. Rb1 Nc6
9. Qd2 Qa7 10. Nd1 b5 11. c3 b4 12. Bd3 a5 13. O-O g6 14. Nf2 Ba6 15. Ng4 Bxd3
16. Qxd3 Be7 17. Nh6 Qa6 18. Qc2 Rf8 19. Rbc1 c4 20. Ng5 Bxg5 21. fxg5 Ne7 22.
g4 Nc6 23. Rf3 Nd8 24. Rcf1 Ra7 25. Qa4 Rb7 26. h4 Qb5 27. Qc2 b3 28. axb3 cxb3
29. Qb1 Nb6 30. h5 Nc4 31. Bc1 a4 32. hxg6 hxg6 33. Nxf7 Rbxf7 34. Qxg6 Qd7 35.
Qh5 Qe7 36. g6 Rxf3 37. Rxf3 Rg8 38. Bg5 Qg7 39. Bxd8 Qxg6 40. Qxg6+ Rxg6 41.
Bf6 a3 42. bxa3 b2 43. Rf1 Rxg4+ 44. Kh2 Nxa3 45. Kh3 Rg6 0-1

[Event "PRO League Eastern 2017"]
[Site "chess.com INT"]
[Date "2017.01.18"]
[Round "2"]
[White "Abdumalik, Zhansaya"]
[Black "Pristalov, Evgeny"]
[Result "1-0"]
[WhiteTitle "WGM"]
[WhiteElo "2430"]
[BlackElo "2213"]
[WhiteTeam "Shymkent Nomads"]
[BlackTeam "Gorky Stormbringers"]
[WhiteFideId "13703544"]
[BlackFideId "24128937"]
[EventDate "2017.01.11"]

1. e4 c5 2. Nf3 g6 3. d4 cxd4 4. Nxd4 Nc6 5. c4 Nf6 6. Nc3 Nxd4 7. Qxd4 d6 8.
Be3 Bg7 9. f3 O-O 10. Qd2 a5 11. Be2 a4 12. O-O Qa5 13. Rfc1 Bd7 14. Rab1 Rfc8
15. b4 axb3 16. axb3 Qb4 17. Kf1 Ra3 18. Nb5 Qxd2 19. Bxd2 Ra2 20. Be3 h5 21.
Nc3 Ra3 22. Ke1 Kh7 23. Kd2 Bh6 24. f4 Bc6 25. Bf3 Ng4 26. Bxg4 hxg4 27. g3 Bg7
28. Nd5 Re8 29. Kd3 f5 30. exf5 gxf5 31. Bd4 Ra2 32. Re1 e5 33. Bg1 e4+ 34. Ke3
b5 35. Nb4 Rea8 36. Nxc6 bxc4 37. Rec1 d5 38. Ne5 Rd8 39. Kd4 Bf8 40. bxc4 dxc4+
41. Kxc4 Ra4+ 42. Kb5 Rda8 43. Rc7+ Kg8 44. Nc6 Bd6 45. Rd7 Bf8 46. Ra7 R8xa7
47. Bxa7 Ra2 48. Bg1 Rg2 49. Kc4 Bd6 50. Nd4 e3 51. Bxe3 Rxh2 52. Nxf5 Bf8 53.
Rb8 Kf7 54. Kd3 Ra2 55. Rb7+ Ke6 56. Nd4+ Kd5 57. Rb5+ Bc5 58. Nb3 Ra3 59. Rxc5+ 1-0

[Event "PRO League Eastern 2017"]
[Site "chess.com INT"]
[Date "2017.01.18"]
[Round "2"]
[White "Jumabayev, Rinat"]
[Black "Yatzenko, Anton"]
[Result "0-1"]
[WhiteTitle "GM"]
[WhiteElo "2611"]
[BlackElo "2361"]
[WhiteTeam "Shymkent Nomads"]
[BlackTeam "Gorky Stormbringers"]
[WhiteFideId "13702661"]
[BlackFideId "4157826"]
[EventDate "2017.01.11"]

1. c4 Nf6 2. Nc3 e6 3. d4 Bb4 4. e3 O-O 5. Bd3 c5 6. Nf3 b6 7. O-O Bb7 8. Na4
cxd4 9. a3 Be7 10. exd4 d6 11. b4 Nbd7 12. Bf4 Re8 13. Re1 Rc8 14. h3 Qc7 15.
Rc1 Qb8 16. Bf1 Qa8 17. Nd2 Bf8 18. Bh2 e5 19. d5 b5 20. cxb5 Bxd5 21. Nc3 Bb7
22. Nc4 Rxc4 23. Bxc4 Bxg2 24. Bf1 Bb7 25. f4 a5 26. bxa6 Qa7+ 0-1

[Event "PRO League Eastern 2017"]
[Site "chess.com INT"]
[Date "2017.01.18"]
[Round "2"]
[White "Jumabayev, Rinat"]
[Black "Gorozhanin, Mikhail"]
[Result "0-1"]
[WhiteTitle "GM"]
[BlackTitle "FM"]
[WhiteElo "2611"]
[BlackElo "2408"]
[WhiteTeam "Shymkent Nomads"]
[BlackTeam "Gorky Stormbringers"]
[WhiteFideId "13702661"]
[BlackFideId "4178262"]
[EventDate "2017.01.11"]

1. e4 e6 2. d3 d5 3. Nd2 Nf6 4. Ngf3 g6 5. e5 Nfd7 6. d4 Bg7 7. h4 f6 8. exf6
Qxf6 9. h5 O-O 10. hxg6 hxg6 11. Bd3 e5 12. dxe5 Nxe5 13. Nxe5 Qxf2# 0-1

[Event "PRO League Eastern 2017"]
[Site "chess.com INT"]
[Date "2017.01.18"]
[Round "2"]
[White "Skoberne, Jure"]
[Black "Reimanis, Ritvars"]
[Result "1-0"]
[WhiteTitle "GM"]
[WhiteElo "2542"]
[BlackElo "2264"]
[WhiteTeam "Ljubljana Direwolves"]
[BlackTeam "Riga Magicians"]
[WhiteFideId "14604299"]
[BlackFideId "11602988"]
[EventDate "2017.01.11"]

1. d4 Nf6 2. Nf3 e6 3. Bf4 d5 4. e3 Be7 5. Nbd2 c5 6. c3 Nc6 7. Bd3 b6 8. Ne5
Nxe5 9. dxe5 Nd7 10. h4 h5 11. Qf3 g6 12. Qg3 Nf8 13. Nf3 Bd7 14. Bg5 Bxg5 15.
Nxg5 Qe7 16. c4 Bc6 17. O-O-O O-O-O 18. Qf4 Rd7 19. cxd5 exd5 20. Ba6+ Bb7 21.
Bxb7+ Kxb7 22. Qf3 Kc6 23. Rxd5 Rxd5 24. Rd1 Qxe5 25. Nxf7 Qf5 26. Nd8+ Kc7 27.
Qxd5 Qxd5 28. Rxd5 Rh7 29. e4 Re7 30. e5 Nd7 31. f4 Kxd8 32. Rd6 Kc7 33. Rxg6
Nf8 34. Rg8 Ne6 35. f5 Nd8 36. e6 Nxe6 37. fxe6 Rxe6 38. Kd2 Kc6 39. Rg5 Rd6+
40. Kc3 Rh6 41. a4 a6 42. b3 b5 43. a5 Kd6 44. g3 Kc6 45. Kd3 Rd6+ 46. Kc3 Rh6
47. Rg8 Kd5 48. Kd3 Ke5 49. Ke3 Kf5 50. Rg5+ Ke6 51. Rxc5 Rg6 52. Kf3 Rf6+ 53.
Ke4 Rf1 54. Rxh5 Rb1 55. Rh6+ Kf7 56. Rxa6 Rxb3 57. g4 Rb1 58. Rb6 b4 59. a6 b3
60. a7 Re1+ 61. Kf5 Rf1+ 62. Kg5 Ra1 63. Rb7+ Ke6 64. Rxb3 Rxa7 65. h5 Kf7 66.
Rb5 Kg7 67. h6+ Kh7 68. Kh5 Ra1 69. Rb7+ Kg8 70. g5 Ra6 71. Rb8+ Kf7 72. h7 1-0

[Event "PRO League Eastern 2017"]
[Site "chess.com INT"]
[Date "2017.01.18"]
[Round "2"]
[White "Skoberne, Jure"]
[Black "Kovalenko, Igor"]
[Result "1/2-1/2"]
[WhiteTitle "GM"]
[BlackTitle "GM"]
[WhiteElo "2542"]
[BlackElo "2684"]
[WhiteTeam "Ljubljana Direwolves"]
[BlackTeam "Riga Magicians"]
[WhiteFideId "14604299"]
[BlackFideId "14117908"]
[EventDate "2017.01.11"]

1. d4 Nf6 2. Nf3 d5 3. Bf4 Bg4 4. e3 Nbd7 5. c4 c6 6. Nc3 e6 7. Qb3 Qb6 8. c5
Qxb3 9. axb3 Bxf3 10. gxf3 a6 11. b4 Rc8 12. e4 Be7 13. exd5 exd5 14. Bh3 g6 15.
Be5 Rd8 16. Bxd7+ Kxd7 17. Na4 Rde8 18. Nb6+ Ke6 19. Kd2 Rhg8 20. b5 cxb5 21. c6
bxc6 22. Rhc1 Kf5 23. Rxc6 Bb4+ 24. Kd3 Re6 25. Rxe6 fxe6 26. Rxa6 Rd8 27. Ra7
Bd6 28. f4 Nh5 29. Ke3 h6 30. Bxd6 Rxd6 31. Nc8 Rd8 32. Ne7+ Kf6 33. Nc6 Rf8 34.
Ne5 Kf5 35. Rh7 Nxf4 36. Rxh6 Ng2+ 37. Kd3 Nf4+ 38. Ke3 Ng2+ 39. Kd3 Rf6 40. h4
b4 41. Rh8 Nf4+ 42. Ke3 Ng2+ 43. Kf3 Ne1+ 44. Ke2 Ng2 45. Kf3 Ne1+ 46. Kg3 Ke4
47. Rg8 Kxd4 48. Nxg6 Rf3+ 49. Kg4 Rxf2 50. h5 Rh2 51. Nh4 Ke4 52. Re8 e5 53. h6
Ng2 54. Rxe5+ Kxe5 55. Nf3+ Kf6 56. Nxh2 Ne3+ 57. Kh5 Nc4 58. Ng4+ Kf7 59. Kg5
d4 60. Kf4 d3 61. Nf2 d2 62. Kf3 Nxb2 63. Ke2 Nc4 64. Kd3 b3 65. Nd1 b2 66. Nxb2
Nxb2+ 67. Kxd2 Kg6 68. h7 Kxh7 1/2-1/2

[Event "PRO League Eastern 2017"]
[Site "chess.com INT"]
[Date "2017.01.18"]
[Round "2"]
[White "Abhishek, Kelkar"]
[Black "Aradhya, Garg"]
[Result "1/2-1/2"]
[WhiteTitle "IM"]
[WhiteElo "2381"]
[BlackElo "2230"]
[WhiteTeam "Mumbai Movers"]
[BlackTeam "Delhi Dynamite"]
[WhiteFideId "5019257"]
[BlackFideId "25006746"]
[EventDate "2017.01.11"]

1. d4 d5 2. c4 e6 3. Nf3 Nf6 4. Nc3 Be7 5. Bf4 O-O 6. a3 dxc4 7. e3 Nd5 8. Bxc4
Nxf4 9. exf4 Bf6 10. O-O Nc6 11. Ne2 b6 12. Qd3 Bb7 13. Rad1 Ne7 14. Ne5 g6 15.
Ng3 Bg7 16. Rfe1 Nd5 17. Qd2 Qh4 18. Bxd5 Bxd5 19. Ne4 Rad8 20. Qc1 Bxe4 21.
Rxe4 c5 22. dxc5 Bxe5 23. Rxe5 Qxf4 24. Ree1 Rxd1 25. Rxd1 Qxc1 26. Rxc1 Rc8 27.
b4 bxc5 28. bxc5 Kf8 29. Kf1 Ke8 30. Ke2 Kd7 31. Kd3 Kc6 32. Kc4 Rd8 33. Rc3 Rd2
34. Rf3 f5 35. Re3 Rc2+ 36. Kd4 Rd2+ 37. Kc4 Rc2+ 38. Kd4 Rd2+ 39. Kc4 1/2-1/2

[Event "PRO League Eastern 2017"]
[Site "chess.com INT"]
[Date "2017.01.18"]
[Round "2"]
[White "Getz, Nicolai"]
[Black "De Abreu, Roberto N"]
[Result "1-0"]
[WhiteTitle "IM"]
[BlackTitle "FM"]
[WhiteElo "2420"]
[BlackElo "2110"]
[WhiteTeam "Norway Gnomes"]
[BlackTeam "Johannesburg Koeksisters"]
[WhiteFideId "1505572"]
[BlackFideId "14307472"]
[EventDate "2017.01.11"]

1. e4 e6 2. d4 d5 3. Nc3 Bb4 4. exd5 exd5 5. Bd3 Ne7 6. Nf3 Bg4 7. h3 Bh5 8. Bf4
Nbc6 9. Be3 Qd7 10. g4 Bg6 11. Qd2 Nc8 12. a3 Bxc3 13. Qxc3 Bxd3 14. Qxd3 Nd6
15. O-O-O O-O-O 16. Ne5 Nxe5 17. dxe5 Nc4 18. Bf4 Qb5 19. Qc3 Rhe8 20. Rhe1 Re6
21. Qb4 Qxb4 22. axb4 Rb6 23. b3 Na3 24. Kb2 Rxb4 25. Bg5 Nc4+ 26. Kc3 c5 27.
Bxd8 d4+ 28. Rxd4 1-0

[Event "PRO League Eastern 2017"]
[Site "chess.com INT"]
[Date "2017.01.18"]
[Round "2"]
[White "Getz, Nicolai"]
[Black "Makoto, Rodwell"]
[Result "1-0"]
[WhiteTitle "IM"]
[BlackTitle "IM"]
[WhiteElo "2420"]
[BlackElo "2403"]
[WhiteTeam "Norway Gnomes"]
[BlackTeam "Johannesburg Koeksisters"]
[WhiteFideId "1505572"]
[BlackFideId "11000120"]
[EventDate "2017.01.11"]

1. e4 e5 2. Nf3 Nc6 3. Bc4 Bc5 4. c3 Nf6 5. d3 d6 6. O-O O-O 7. a4 a5 8. Bg5 h6
9. Bh4 Bb6 10. Nbd2 Ne7 11. Bxf6 gxf6 12. Nh4 Kh7 13. Qh5 Be6 14. Kh1 Qd7 15.
Bxe6 fxe6 16. Nc4 Bc5 17. f4 exf4 18. Rxf4 d5 19. Raf1 Qe8 20. Qxe8 Rfxe8 21. d4
dxc4 22. dxc5 Ng8 23. e5 fxe5 24. Rf7+ 1-0

[Event "PRO League Eastern 2017"]
[Site "chess.com INT"]
[Date "2017.01.18"]
[Round "2"]
[White "Lenic, Luka"]
[Black "Neiksans, Arturs"]
[Result "0-1"]
[WhiteTitle "GM"]
[BlackTitle "GM"]
[WhiteElo "2641"]
[BlackElo "2627"]
[WhiteTeam "Ljubljana Direwolves"]
[BlackTeam "Riga Magicians"]
[WhiteFideId "14603853"]
[BlackFideId "11601388"]
[EventDate "2017.01.11"]

1. d4 Nf6 2. c4 e6 3. Nc3 Bb4 4. e3 O-O 5. Bd3 d5 6. Nf3 b6 7. a3 Bd6 8. e4 dxe4
9. Nxe4 Be7 10. Nxf6+ Bxf6 11. Be4 c6 12. Qc2 h6 13. Be3 Bb7 14. g4 Qc7 15. g5
hxg5 16. Rg1 c5 17. Bxb7 Qxb7 18. Nxg5 Bxg5 19. Bxg5 f6 20. Bh6 Rf7 21. O-O-O
Nc6 22. Be3 cxd4 23. Bxd4 Rc8 24. Bc3 Ne7 25. Qe2 Qc6 26. Kb1 Nf5 27. Rge1 Qxc4
28. Qxe6 Qxe6 29. Rxe6 Rfc7 30. Rd5 Kf7 31. Re2 Ne7 32. Rh5 Rd7 33. Re1 Nd5 34.
Bd2 Rc4 35. Bc1 Rd4 36. Rh8 Ne7 37. Be3 R4d5 38. Ra8 Rh5 39. Bf4 Rf5 40. Bg3 Rf3
41. Kc2 Nf5 42. Rd1 Re7 43. Rd2 Kg6 44. a4 a5 45. Rc8 Re4 46. Rb8 Rb4 47. Rd7
Rfb3 0-1

[Event "PRO League Eastern 2017"]
[Site "chess.com INT"]
[Date "2017.01.18"]
[Round "2"]
[White "Lenic, Luka"]
[Black "Meskovs, Nikita"]
[Result "1-0"]
[WhiteTitle "GM"]
[BlackTitle "IM"]
[WhiteElo "2641"]
[BlackElo "2490"]
[WhiteTeam "Ljubljana Direwolves"]
[BlackTeam "Riga Magicians"]
[WhiteFideId "14603853"]
[BlackFideId "11602740"]
[EventDate "2017.01.11"]

1. d4 Nf6 2. c4 e6 3. Nc3 Bb4 4. e3 O-O 5. Bd3 d5 6. Nf3 b6 7. a3 Bxc3+ 8. bxc3
dxc4 9. Bxc4 Bb7 10. O-O c5 11. Re1 Qc7 12. Bd3 Nc6 13. e4 h6 14. Qe2 e5 15. d5
Na5 16. Nd2 Ne8 17. c4 Nd6 18. f4 f6 19. fxe5 fxe5 20. Bb2 Rae8 21. Rf1 Qe7 22.
Rxf8+ Rxf8 23. Bc3 Ba6 24. Bxa5 bxa5 25. Qe3 Qg5 26. Qxg5 hxg5 27. Nf3 Nf7 28.
Rb1 g4 29. Nd2 Nd6 30. Be2 Bc8 31. Rb8 Bd7 32. Rxf8+ Kxf8 33. Kf2 Ke7 34. Kg3
Kf6 35. Bxg4 Ba4 36. Kf2 Bc2 37. Ke3 a4 38. h4 a5 39. Be2 g6 40. Bd3 Bb3 41. g4
Bd1 42. g5+ Ke7 43. Be2 Bc2 44. Nf3 Nf7 45. Nh2 Bb1 46. Ng4 Bc2 47. Nf6 Nd6 48.
Ng4 Nf7 49. Bd3 Bd1 50. Nf2 Bb3 51. Kd2 Nd6 52. Kc3 Ne8 53. Ng4 Kd6 54. Be2 Ng7
55. Nh6 Ke7 56. Ng8+ Kd6 57. Nf6 Ke7 58. h5 gxh5 59. Bxh5 Ba2 60. Bd1 Bb1 61.
Bxa4 Kd6 62. Bc2 Ba2 63. Bd3 a4 64. Bc2 Ke7 65. Bxa4 Kd6 66. Bc2 Ke7 67. Bd3 Kd6
68. Kb2 1-0

[Event "PRO League Eastern 2017"]
[Site "chess.com INT"]
[Date "2017.01.18"]
[Round "2"]
[White "Gorozhanin, Mikhail"]
[Black "Abdumalik, Zhansaya"]
[Result "1-0"]
[WhiteTitle "FM"]
[BlackTitle "WGM"]
[WhiteElo "2408"]
[BlackElo "2430"]
[WhiteTeam "Gorky Stormbringers"]
[BlackTeam "Shymkent Nomads"]
[WhiteFideId "4178262"]
[BlackFideId "13703544"]
[EventDate "2017.01.11"]

1. d4 Nf6 2. Bf4 g6 3. e3 d6 4. Nf3 Bg7 5. h3 Nbd7 6. Be2 O-O 7. O-O Qe8 8. Bh2
e5 9. c4 Ne4 10. Nc3 Nxc3 11. bxc3 e4 12. Nd2 Qe6 13. Qb1 Re8 14. a4 c5 15. a5
f5 16. Qb5 a6 17. Qa4 g5 18. Kh1 Qh6 19. Rab1 Re6 20. Rxb7 Nf8 21. Rc7 Rb8 22.
Rb1 Rxb1+ 23. Nxb1 Bd7 24. Rxd7 Nxd7 25. Qxd7 Bf8 26. Qc8 f4 27. Bg4 Rf6 28. Nd2
Qg6 29. Kg1 h5 30. Bd7 fxe3 31. fxe3 g4 32. hxg4 hxg4 33. Bxg4 Qg5 34. Bf4 Rxf4
35. exf4 Qxf4 36. Qe6+ Kg7 37. Nxe4 Qc1+ 38. Kh2 cxd4 39. Qf6+ Kg8 40. Be6+ 1-0

[Event "PRO League Eastern 2017"]
[Site "chess.com INT"]
[Date "2017.01.18"]
[Round "2"]
[White "Gorozhanin, Mikhail"]
[Black "Balabaev, Timur"]
[Result "0-1"]
[WhiteTitle "FM"]
[BlackTitle "IM"]
[WhiteElo "2408"]
[BlackElo "2393"]
[WhiteTeam "Gorky Stormbringers"]
[BlackTeam "Shymkent Nomads"]
[WhiteFideId "4178262"]
[BlackFideId "13700847"]
[EventDate "2017.01.11"]

1. d4 Nf6 2. Bf4 g6 3. e3 Bg7 4. Nf3 O-O 5. h3 d6 6. Be2 b6 7. O-O Bb7 8. Bh2
Nbd7 9. c3 Re8 10. a4 a6 11. Na3 e5 12. Nc4 Ne4 13. Qc2 exd4 14. cxd4 a5 15. Na3
Ndf6 16. Nb5 Nd5 17. Rac1 c6 18. Nc3 Nb4 19. Qb3 c5 20. Nb5 Qd7 21. Rfd1 Bd5 22.
Qa3 Bh6 23. dxc5 bxc5 24. Nc3 Nxf2 25. Kxf2 Bxe3+ 26. Kf1 Bxc1 27. Rxc1 Qe6 28.
b3 Bxf3 29. Bxf3 Nd3 30. Bg3 Nxc1 31. Qxc1 Rab8 32. Bd5 Qf5+ 33. Kg1 Qd3 34. Bf4
h5 35. Kh2 Qd4 36. Bc4 d5 37. Nxd5 Rbd8 38. Nc7 Re4 39. Nb5 Qf2 40. Bg3 Qf6 41.
h4 Rxh4+ 42. Bxh4 Qxh4+ 43. Kg1 Qg4 44. Qf1 Rd1 45. Qxd1 Qxd1+ 46. Kf2 Kg7 47.
Nc3 Qd4+ 0-1